| 000 | 00555nam a22001817a 4500 | ||
|---|---|---|---|
| 003 | OSt | ||
| 005 | 20251024010506.0 | ||
| 008 | 251007b |||||||| |||| 00| 0 eng d | ||
| 020 | _a978-971-29-0921-4. | ||
| 040 |
_aDWCL-Main lib _cOC |
||
| 082 | _aFil. 220 G646 1992 | ||
| 245 | _aGood news Bible with Deuterocanonicals | ||
| 260 |
_aManila : _bPhilippine Bible Society, _cc1992. |
||
| 300 |
_a(various pagings) : _billustration ; _c17 cm. |
||
| 504 | _aIncludes indexes. | ||
| 650 | _21. Bible. | ||
| 942 |
_2ddc _cBK - FIL _eToday's English Version _kFil. _n0 |
||
| 999 |
_c4667 _d4667 |
||